000 00510nam a2200181Ia 4500
001 44947
008 140428s9999 xx 000 0 und d
020 _aNA
040 _cPK-LaUMT
082 _aRHC 891.4394
_bABU-N
100 _aAbu Al-Aser Hafeez Jalandhari
245 _aNasraani (Urdu)
_bhaalat-e-khayaalaat
_cAbu Al-Aser Hafeez Jalandhari
260 _aLahore,Pakistan:
_bMajlas Urdu Kitabkhana Hafeez,
_c1976
300 _a280 p.
546 _aUR
650 _aPakistani literature-Urdu
942 _cBK
999 _c42919
_d42919